01374nam a2200157Ia 450000500170000000800390001702000180005608200150007410000190008924500940010826000390020230000140024152009170025565000250117270000190119720260302161543.0260302s9999 xx 000 0 und d a9780521459044 a338.9bKOT aKotz, David M. 0aSocial Structures of Accumulation / cKotz, David M.; McDonough, Terrence; Reich, Michael bCambridge University Press, c1994 a340 pages aThe social structure of accumulation (SSA) approach seeks to explain the long-term fortunes of capitalist economies in terms of the effect of political and economic institutions on growth rates. This book offers an ideal introduction to this powerful tool for understanding capitalist growth, analysing the social and economic differences between countries and the reasons for the successes and failures of institutional reform. The contributors cover a wide range of topics, including the theoretical basis of the SSA approach, the postwar financial system, Marxian and Keynesian theories of economic crisis, labour-management relations, race and gender issues, and the history of institutional innovation. Combining newly written essays with classic articles of the SSA school, the book examines the international economy and the economies of Japan, South Africa, and Puerto Rico, as well as the United States. aBusiness & Economics aReich, Michael